• 首页
  • 本馆介绍
  • 公告通知
  • 最新文献
  • 馆藏检索
  • 电子资源
  • 读者导购
  • 参考咨询
  • 我的图书馆
  • 登录
  • 详细信息显示
  • 放入我的书架
  • 预约/预借图书
  • 作者相关作品
  • 分类相关作品
  • 丛书相关作品
  • 出版社相关作品

书目信息

  • 表格格式
  • 工作单格式
  • 卡片格式
题名:
灌区水资源系统工程
    
 
作者: 张礼兵 , 金菊良 , 蒋尚明 著
分册:  
出版信息: 北京   科学出版社  2019.12
页数: 281页
开本: 24cm
丛书名:
单 册:
中图分类: S274
科图分类:
主题词: 灌区--guan qu--水资源--系统工程--中国
电子资源:
ISBN: 978-7-03-058747-3
000 01093nam0 2200265 450
001 0109110141
005 20201109110337.0
010    @a978-7-03-058747-3@dCNY150.00
100    @a20200713d2019 em y0chiy50 ea
101 0  @achi
102    @aCN@b110000
105    @ay az 000yy
106    @ar
200 1  @a灌区水资源系统工程@Aguan qu shui zi yuan xi tong gong cheng@f张礼兵, 金菊良, 蒋尚明著
210    @a北京@c科学出版社@d2019.12
215    @a281页@d24cm
320    @a有书目(第265-281页)
330    @a21世纪中国水利的发展战略将从工程水利向资源可持续利用方向进行重大转变,作为水资源系统工程重要组成部分灌区水资源系统发展至今,是一个多目标、多属性、多层次、多功能和多阶段的复杂大系统。作者通过多年的研究、归纳、总结、提炼,以现代水资源系统工程理论方法为指导,针对灌区水资源系统规划、设计、运行和控制管理等诸多现实问题。
606 0  @a灌区@Aguan qu@x水资源@x系统工程@y中国
690    @aS274@v5
701  0 @a张礼兵@Azhang li bing@4著
701  0 @a金菊良@Ajin ju liang@4著
701  0 @a蒋尚明@Ajiang shang ming@4著
801  0 @aCN@bBJSZM@c20201103
905    @b1213687-8@dS274@e64@f2
    
    灌区水资源系统工程/张礼兵, 金菊良, 蒋尚明著.-北京:科学出版社,2019.12
    281页;24cm
    
    
    ISBN 978-7-03-058747-3:CNY150.00
    21世纪中国水利的发展战略将从工程水利向资源可持续利用方向进行重大转变,作为水资源系统工程重要组成部分灌区水资源系统发展至今,是一个多目标、多属性、多层次、多功能和多阶段的复杂大系统。作者通过多年的研究、归纳、总结、提炼,以现代水资源系统工程理论方法为指导,针对灌区水资源系统规划、设计、运行和控制管理等诸多现实问题。
●
相关链接 在E读中查询图书 在五车中查询图书 在当当中查询图书 在豆瓣中查询图书


正题名:灌区水资源系统工程     索取号:S274/64         预约/预借

序号 登录号 条形码 馆藏地/架位号 状态 备注
1 1213687   212136874   第二样本阅览室/ [索取号:S274/64] 在馆    
2 1213688   212136883   第三借阅区/ [索取号:S274/64] 在馆    
唐山师范学院图书馆 欢迎您!
大连网信软件有限公司© 版权所有